| 000 | 01605nam a2200289 a 4500 | ||
|---|---|---|---|
| 001 | ASIN1848851383 | ||
| 005 | 20170105102857.0 | ||
| 008 | 130909s2010 xxu eng d | ||
| 020 |
_a1848851383 (hardcover) _c$95.00 |
||
| 020 | _a9781848851382 (hardcover) | ||
| 040 | _a0 | ||
| 050 | 0 | 4 | _aUA840 |
| 082 | 0 | 4 | _a327.54 |
| 100 | 1 | _aJain, B. M. | |
| 245 | 1 | 0 |
_aIndia in the new south asia : _bstrategic, military and economic concerns in the age of nuclear diplomacy / _cB. M. Jain. |
| 260 |
_aNew Delhi : _bViva Books, _c2011. |
||
| 300 |
_a224 p. ; _c22 cm. |
||
| 490 | 1 | _aLibrary of international relations. | |
| 520 | _aIn recent years, South Asia has become a flashpoint of conflict between the nuclear powers of India and Pakistan over the interconnected problem of Kashmir and cross-border terrorism. B. M. Jain here re-evaluates India's security, strategic and nuclear policy in the new South Asia of the post 9/11 era. He also provides a reappraisal of the regional security implications of India's turbulent relationships with Pakistan, Nepal, and Bangladesh. Furthermore, he examines the strategic engagement of America, Russia and China with South Asian states. This book will be invaluable for public policy-makers, researchers, and undergraduate and graduate students of South Asian studies. | ||
| 650 | 0 | _aIndia | |
| 650 | 0 | _aInternational relations | |
| 650 | 0 | _aNational security | |
| 650 | 0 | _aNuclear weapons | |
| 830 | 0 | _aLibrary of international relations. | |
| 856 | 4 | 0 |
_3Amazon.com _uhttp://www.amazon.com/exec/obidos/ASIN/1848851383/chopaconline-20 |
| 942 |
_2ddc _cBK |
||
| 999 |
_c14517 _d14517 |
||